LEADER 01190cam0-22003971i-450- 001 990006234580403321 005 20050706113450.0 035 $a000623458 035 $aFED01000623458 035 $a(Aleph)000623458FED01 035 $a000623458 100 $a20000112d1985----km-y0itay50------ba 101 0 $aita 102 $aIT 105 $ay-------001yy 200 1 $a<>diritto di informazione e i diritti della persona$fAntonio Bevere, Augusto Cerri 210 $aMilano$cGiuffrè$d1995 215 $aX, 302 p.$d21 cm 225 1 $aTeoria e pratica del diritto$hSez. 3.$iDiritto e procedura penale$v73 610 0 $aDiritto di informazione$aLimiti 610 0 $aDiritti della persona$aTutela 676 $a323.445 676 $a346 700 1$aBevere,$bAntonio$0231125 701 1$aCerri,$bAugusto$0133042 801 0$aIT$bUNINA$gRICA$2UNIMARC 901 $aBK 912 $a990006234580403321 952 $aXX 24 (73)$b28085*$fFGBC 952 $a19-E-208$b7994$fDDCP 952 $aCOLLEZ. 870 (73)$b26010$fFSPBC 959 $aFGBC 959 $aDDCP 959 $aFSPBC 996 $aDiritto di informazione e i diritti della persona$9636353 997 $aUNINA LEADER 01103nam 2200313z- 450 001 9910134759303321 005 20160818152902.0 010 $a0-521-55962-6 035 $a(CKB)4210000000000199 035 $a(EXLCZ)994210000000000199 100 $a20150525cuuuuuuuu -u- - 101 0 $aeng 200 00$aClimate change, 1994 $eradiative forcing of climate change and an evaluation of the IPCC IS92 emission scenarios /$fedited by J.T. Houghton ... [et al.] 606 $aClimatic changes 606 $aGreenhouse effect, Atmospheric 606 $aGreenhouse gases 606 $aAtmospheric radiation 615 0$aClimatic changes. 615 0$aGreenhouse effect, Atmospheric. 615 0$aGreenhouse gases. 615 0$aAtmospheric radiation. 676 $a363.73/87 701 $aHoughton$b John Theodore$011953 712 02$aIntergovernmental Panel on Climate Change.$bWorking Group I. 712 02$aIntergovernmental Panel on Climate Change.$bResponse Strategies Work Group. 906 $aBOOK 912 $a9910134759303321 996 $aClimate change, 1994$92860193 997 $aUNINA